[Event "Druzynowe Mistrzostw Polski Juniorow - II Liga"]
[Site "Wroclaw"]
[Date "1899-12-30"]
[Round "7.65"]
[White "Bartoszek, Julia"]
[Black "Pietryk, Joanna"]
[Result "1/2-1/2"]
[WhiteTitle "I"]
[BlackTitle "I"]
[WhiteElo "1285"]
[BlackElo "1417"]

1. d4 Nf6 2. c4 g6 3. Nc3 Bg7 4. e4 d6 5. f3 O-O 6. Bd3 e5 7. d5 Nh5 8. Nge2 Na6
9. Be3 f5 10. exf5 gxf5 11. Qd2 Nb4 12. a3 Nxd3+ 13. Qxd3 f4 14. Bf2 Bf5 15. Ne4
Nf6 16. N2c3 Nxe4 17. Nxe4 Qe8 18. g4 fxg3 19. hxg3 Qg6 20. g4 Bxe4 21. Qxe4 Qxe4+
22. fxe4 Rf4 23. Rh4 Raf8 24. Rh2 Rxe4+ 25. Kd2 Rxg4 26. Be3 Bf6 27. Rah1 Rf7
28. b3 Bg5 29. Bxg5 Rxg5 30. Re2 Rf3 31. Reh2 Rg7 32. Kc2 Rfg3 33. Rf2 Rg2 34.
Rhf1 Rxf2+ 35. Rxf2 h5 36. Rh2 Rh7 37. Kd3 Kf7 38. Ke4 Kg6 39. Rg2+ Kf6 40. b4
h4 41. Rf2+ Kg5 42. Rg2+ Kh5 43. Kf5 h3 44. Rg5+ 1/2-1/2

[Event "Druzynowe Mistrzostw Polski Juniorow - II Liga"]
[Site "Wroclaw"]
[Date "1899-12-30"]
[Round "7.66"]
[White "Mataczyna, Aleksandra"]
[Black "Kretowicz, Daria"]
[Result "1/2-1/2"]
[WhiteTitle "II+"]
[BlackTitle "I"]
[WhiteElo "1117"]
[BlackElo "1124"]

1. e4 c5 2. Nf3 Nc6 3. d4 cxd4 4. Nxd4 Nf6 5. Nc3 e5 6. Ndb5 d6 7. Be2 a6 8. Na3
Be7 9. Be3 O-O 10. f3 Qc7 11. Qd2 b5 12. Nd5 Nxd5 13. exd5 Nb8 14. h4 Bb7 15.
h5 f5 16. h6 g6 17. f4 exf4 18. Bxf4 Bf6 19. c3 Nd7 20. Nc2 Nc5 21. Nd4 Qd7 22.
Bf3 Rfe8+ 23. Kf2 Rac8 24. Rae1 Be5 25. Ne6 Bxf4 26. Nxf4 Rb8 27. Qd4 Qf7 28.
Ne6 Nxe6 29. dxe6 Qe7 30. Bxb7 Rxb7 31. Qd5 Rbb8 32. Re2 Qa7+ 33. Qd4 Qxd4+ 34.
cxd4 1/2-1/2

[Event "Druzynowe Mistrzostw Polski Juniorow - II Liga"]
[Site "Wroclaw"]
[Date "1899-12-30"]
[Round "7.67"]
[White "Guzik, Michal"]
[Black "Kaczmarek, Jan"]
[Result "0-1"]
[WhiteTitle "II+"]
[BlackTitle "II+"]
[WhiteElo "1413"]
[BlackElo "1596"]

1. e4 c5 2. Nf3 g6 3. d4 cxd4 4. Qxd4 Nf6 5. e5 Nc6 6. Qa4 Nd5 7. Qe4 Nb6 8. Nc3
Bg7 9. Bf4 O-O 10. O-O-O Re8 11. Bb5 d5 12. Nxd5 Bf5 13. Qe1 Nxd5 14. c4 Ncb4
15. Rxd5 Nxd5 16. Bd2 Nb6 17. Bxe8 Qd3 18. Bxf7+ Kxf7 19. e6+ Kg8 0-1

[Event "Druzynowe Mistrzostw Polski Juniorow - II Liga"]
[Site "Wroclaw"]
[Date "1899-12-30"]
[Round "7.68"]
[White "Gluszynski, Michal"]
[Black "Mastej, Krzysztof"]
[Result "0-1"]
[WhiteTitle "II"]
[BlackTitle "II"]
[WhiteElo "1513"]
[BlackElo "1355"]

1. c4 Nf6 2. Nf3 c5 3. Nc3 g6 4. d4 cxd4 5. Nxd4 d6 6. g3 Bg7 7. Bg2 O-O 8. O-O
a6 9. e4 Bd7 10. h3 Nc6 11. Be3 Rc8 12. Qd2 Nxd4 13. Bxd4 Rxc4 14. e5 Ne8 15.
Bd5 Rxd4 16. Qxd4 Bxe5 17. Qd2 Bxh3 18. Rfe1 Nc7 19. Bxb7 Ne6 20. Bh1 Nd4 21.
Rac1 Qd7 22. Re4 Qa7 23. Rh4 Be6 24. Qh6 Rc8 25. Qxh7+ Kf8 26. Qh6+ Bg7 27. Qd2
Nf5 28. Rg4 Bh6 29. Rf4 Bxf4 30. Qxf4 Rc4 31. Qg5 Rc5 32. Ne4 Rxc1+ 33. Qxc1 Qd4
34. b3 Bd5 35. Qd2 Qa1+ 36. Kh2 Qh8+ 37. Kg1 Qa1+ 38. Kh2 Qh8+ 39. Kg1 Nd4 40.
Bg2 Qe5 41. Qd3 f5 42. Ng5 Qe1+ 43. Qf1 Qxf1+ 44. Kxf1 Bxg2+ 45. Kxg2 e5 46. f3
Ke7 47. Kf2 d5 48. Ke3 Ne6 49. Nh3 Kd6 50. Nf2 d4+ 51. Kd3 Kc5 52. a3 a5 53. Nd1
Ng5 54. Ke2 e4 55. f4 Nf7 56. Nb2 Nd6 57. Kd2 Nb5 58. Nc4 a4 0-1

[Event "Druzynowe Mistrzostw Polski Juniorow - II Liga"]
[Site "Wroclaw"]
[Date "1899-12-30"]
[Round "7.69"]
[White "Oberc, Szymon"]
[Black "Skrzypinski, Jan"]
[Result "0-1"]
[WhiteTitle "II"]
[BlackTitle "I"]
[WhiteElo "1107"]
[BlackElo "1647"]

1. e4 c5 2. Nf3 a6 3. c3 d5 4. exd5 Qxd5 5. d4 Nf6 6. Be2 e6 7. O-O Nc6 8. Re1
Be7 9. h3 O-O 10. Be3 cxd4 11. Nxd4 Nxd4 12. Bxd4 Qa5 13. Bf3 Rd8 14. Qe2 Qc7
15. Nd2 Bd7 16. Nc4 Bb5 17. Bb6 Qxc4 18. Qxc4 Bxc4 19. Bxd8 Bxd8 20. a3 Rb8 21.
Rad1 Be7 22. g3 Kf8 23. Kg2 Bb3 24. Rd2 Nd5 25. Bd1 Bxd1 26. Rexd1 b5 27. Kf3
a5 28. h4 a4 29. Ke4 Nb6 30. Kf3 Nc4 31. Re2 Ke8 32. h5 Bd6 33. Rh1 Rc8 34. Rh4
Ke7 35. Kg2 Rc5 36. Kh3 Ke8 37. Kg2 Be7 38. Rh1 Bf6 39. f4 Rd5 40. g4 h6 41. Rhe1
Kd7 42. Kf3 Rd3+ 43. Kg2 Kd6 44. Kh1 Kd5 45. Kg2 Be7 46. Kh1 Bd6 47. Rf1 Ne3 48.
Rg1 Bxf4 49. Rf2 Ke4 50. Re2 Kf3 51. Ree1 Rd2 52. Rgf1+ Nxf1 53. Rxf1+ Kxg4 54.
Rg1+ Kh3 55. Rc1 Rh2+ 56. Kg1 Bxc1 57. Kf1 Bd2 58. Kg1 Kg3 59. Kf1 Rf2+ 60. Kg1
Be3 0-1

[Event "Druzynowe Mistrzostw Polski Juniorow - II Liga"]
[Site "Wroclaw"]
[Date "1899-12-30"]
[Round "7.71"]
[White "Niedorys, Karolina"]
[Black "Gac-mytych, Sara"]
[Result "1-0"]
[WhiteTitle "I+"]
[BlackTitle "II+"]
[WhiteElo "1495"]
[BlackElo "1176"]

1. e4 c6 2. d4 d5 3. Nc3 dxe4 4. Nxe4 Nd7 5. Nf3 Ngf6 6. Nxf6+ Nxf6 7. c3 e6 8.
Bf4 Qb6 9. Qc2 c5 10. dxc5 Bxc5 11. Bd3 h6 12. O-O O-O 13. Be5 Ng4 14. Bd4 Bxd4
15. Nxd4 Qc7 16. Nf3 Nf6 17. Rfe1 b6 18. Ne5 Bb7 19. Rad1 Rad8 20. Qe2 Rd5 21.
Bc2 Rfd8 22. Rxd5 Rxd5 23. Bb3 Rd6 24. Bc2 Rd5 25. Rd1 Rxd1+ 26. Qxd1 Be4 27.
Bxe4 Nxe4 28. Qd4 Nf6 29. h3 Nd5 30. c4 Nb4 31. a3 Nc6 32. Nxc6 Qxc6 33. b4 Qa4
34. Qd8+ Kh7 35. Qd3+ Kg8 36. c5 bxc5 37. bxc5 Kf8 38. Qd8+ Qe8 39. Qd6+ Kg8 40.
c6 Qc8 41. c7 Qb7 42. Qd8+ Kh7 43. c8=Q Qb1+ 44. Kh2 Qe1 45. Qc2+ 1-0

[Event "Druzynowe Mistrzostw Polski Juniorow - II Liga"]
[Site "Wroclaw"]
[Date "1899-12-30"]
[Round "7.72"]
[White "Pniewska, Beata"]
[Black "Mansz, Martyna"]
[Result "1-0"]
[WhiteTitle "I"]
[BlackTitle "I"]
[WhiteElo "1361"]
[BlackElo "1226"]

1. c4 e5 2. g3 c6 3. Bg2 Nf6 4. Nf3 e4 5. Nd4 d5 6. cxd5 cxd5 7. Nc3 Bc5 8. Nb3
Bb6 9. O-O O-O 10. d3 Bf5 11. dxe4 dxe4 12. Bg5 Qxd1 13. Raxd1 Re8 14. Nd4 Bxd4
15. Rxd4 Nc6 16. Ra4 Nd7 17. Bxe4 Bxe4 18. Rxe4 f6 19. Be3 Rxe4 20. Nxe4 Nde5
21. Rc1 Ng4 22. Bc5 Nge5 23. f4 Nf7 24. Kf2 f5 25. Nc3 b6 26. Be3 Rd8 27. Nb5
Rc8 28. Nd4 Nfd8 29. Nxf5 g6 30. Nd4 Kf7 31. Nxc6 Rxc6 32. Rxc6 Nxc6 33. Kf3 Kf6
34. Ke4 Ke6 35. a3 Na5 36. Bd4 Nc4 37. Kd3 Nd6 38. e4 h5 39. a4 Nb7 40. h3 Nd6
41. g4 hxg4 42. hxg4 1-0

[Event "Druzynowe Mistrzostw Polski Juniorow - II Liga"]
[Site "Wroclaw"]
[Date "1899-12-30"]
[Round "7.73"]
[White "Jaskiewicz, Kacper"]
[Black "May, Jakub"]
[Result "1-0"]
[WhiteTitle "I"]
[BlackTitle "II"]
[WhiteElo "1756"]
[BlackElo "1271"]

1. e4 c5 2. Nf3 Nc6 3. d4 cxd4 4. Nxd4 Nf6 5. Nc3 e5 6. Ndb5 d6 7. Bg5 a6 8. Na3
b5 9. Nd5 Be7 10. Bxf6 Bxf6 11. c3 O-O 12. Nc2 Bg5 13. h4 Bh6 14. g4 f6 15. a4
bxa4 16. Rxa4 a5 17. Nde3 Be6 18. Bc4 Qe7 19. Nf5 Qd7 20. g5 fxg5 21. hxg5 Bxc4
22. Rxc4 Bxg5 23. Qd5+ Kh8 24. Rxc6 Rxf5 25. Rxd6 1-0

[Event "Druzynowe Mistrzostw Polski Juniorow - II Liga"]
[Site "Wroclaw"]
[Date "1899-12-30"]
[Round "7.74"]
[White "Rychlik, Michal"]
[Black "Stepinski, Piotr"]
[Result "1/2-1/2"]
[WhiteTitle "II"]
[BlackTitle "I"]
[WhiteElo "1354"]
[BlackElo "1568"]

1. c4 Nf6 2. Nc3 g6 3. e4 d6 4. g3 Bg7 5. Bg2 e5 6. Nge2 Nc6 7. d3 O-O 8. O-O Nd4
9. h3 Bd7 10. Be3 c5 11. Rb1 Qc7 12. f4 Rab8 13. b4 b6 14. b5 Kh8 15. g4 Ng8 16.
f5 f6 17. fxg6 hxg6 18. Qe1 Ne7 19. Kh2 Kg8 20. Qh4 g5 21. Qe1 Be6 22. Qd2 Qd7
23. Qd1 Qe8 24. Ng3 Ng6 25. Nf5 Qd7 26. a4 Ra8 27. a5 Nf4 28. a6 Ng6 29. Rb2 Rf7
30. Qd2 Qd8 31. Rh1 Bf8 32. Qf2 Rh7 33. Kg1 Nh4 34. Rd2 Rc8 35. Rb2 Rcc7 36. Rb1
Rcd7 37. Rf1 Rdf7 38. Rb1 Rc7 39. Rf1 Rcf7 40. Rb1 Rd7 41. Rf1 Rdf7 42. Rb1 1/2-1/2

[Event "Druzynowe Mistrzostw Polski Juniorow - II Liga"]
[Site "Wroclaw"]
[Date "1899-12-30"]
[Round "7.75"]
[White "Haladaj, Adam"]
[Black "Kolendo, Tymon"]
[Result "1-0"]
[WhiteTitle "II"]
[BlackTitle "III"]
[WhiteElo "1361"]
[BlackElo "1126"]

1. e4 e6 2. d4 d5 3. Nd2 dxe4 4. Nxe4 Nd7 5. Nf3 Ngf6 6. Bd3 Nxe4 7. Bxe4 Nf6 8.
Bd3 Be7 9. O-O O-O 10. c3 b6 11. Ne5 Bb7 12. f3 c5 13. Be3 Rc8 14. Qc2 h6 15.
Rad1 Nd5 16. Bf2 Qc7 17. Rfe1 Rfd8 18. a3 Bd6 19. h3 Nf4 20. Bf1 Nd5 21. Nd3 c4
22. Ne5 b5 23. Qd2 Ne7 24. Ng4 Ng6 25. Ne3 Nf4 26. Ra1 Bc6 27. a4 a6 28. axb5
axb5 29. Ra2 Ra8 30. Rea1 Rxa2 31. Rxa2 Ra8 32. Rxa8+ Bxa8 33. Nc2 Nd5 34. Ne3
Nxe3 35. Bxe3 Qa5 36. Qc1 Qa2 37. Bf4 Qa6 38. Bxd6 Qxd6 39. Qa1 Bc6 40. Qa6 Qc7
41. Kf2 Kh7 42. Be2 g6 43. g3 Kg7 44. Qa3 Bd5 45. Qb4 h5 46. h4 Kg8 47. Qxb5 Kf8
48. Bd1 Qc6 49. Qb8+ Kg7 50. Qe5+ Kf8 51. Qh8+ Ke7 52. Qb8 Kf6 53. Qd8+ Kg7 54.
Qb8 Kf6 55. Qb4 Qa8 56. Qa3 Qb7 57. Qa2 Ke7 58. Be2 Qb5 59. Qa7+ Kf6 60. Qa3 Kg7
61. b4 Bc6 62. Qa5 Qb7 63. Qc5 Bd5 64. b5 Kf6 65. b6 Bc6 66. Qe5+ Ke7 67. Qc5+
Kf6 68. Qg5+ Kg7 69. Qd8 Bd5 70. Qc7 Kf8 71. Qxb7 Bxb7 72. Bxc4 Ke7 73. Ke3 Kd6
74. Bd3 f5 75. c4 e5 76. c5+ Kd5 77. dxe5 Kxc5 78. Kf4 Kd5 79. Bb5 Ke6 80. Be8
Bc8 81. Bc6 1-0

[Event "Druzynowe Mistrzostw Polski Juniorow - II Liga"]
[Site "Wroclaw"]
[Date "1899-12-30"]
[Round "7.77"]
[White "Banasiak, Adrianna"]
[Black "Lazniewska, Zofia"]
[Result "1-0"]
[WhiteTitle "I"]
[BlackTitle "I+"]
[WhiteElo "1447"]
[BlackElo "1561"]

1. e4 c5 2. Nf3 Nc6 3. Bb5 d6 4. O-O Bd7 5. Re1 Nf6 6. c3 a6 7. Bf1 e6 8. d4 cxd4
9. cxd4 Be7 10. Nc3 O-O 11. a4 e5 12. d5 Na7 13. h3 b5 14. a5 Qc8 15. Bd3 Qb7
16. Be3 Nc8 17. Nd2 Bd8 18. f4 Ne7 19. Nf3 Ng6 20. fxe5 dxe5 21. Qd2 Rc8 22. Na2
Be7 23. Rac1 Bd6 24. b4 Rxc1 25. Rxc1 Rc8 26. Bc5 Qb8 27. Qb2 Nf4 28. Bb1 Ng6
29. Rc3 Nh5 30. Nc1 Nhf4 31. Nd3 Nxd3 32. Bxd3 h6 33. Ne1 Nf4 34. Be2 Bxc5+ 35.
bxc5 Qa7 36. Nd3 Nxd3 37. Bxd3 Rxc5 38. Qf2 Rc7 39. Rxc7 Qxc7 40. Qb6 Qxb6+ 41.
axb6 Bc8 42. d6 Kf8 43. d7 Bxd7 44. b7 1-0

[Event "Druzynowe Mistrzostw Polski Juniorow - II Liga"]
[Site "Wroclaw"]
[Date "1899-12-30"]
[Round "7.78"]
[White "Michalska, Lena"]
[Black "Kruszewska, Malgorzata"]
[Result "1-0"]
[WhiteTitle "I"]
[BlackTitle "II"]
[WhiteElo "1324"]
[BlackElo "1012"]

1. d4 d5 2. c4 e6 3. Nc3 Nf6 4. e3 Be7 5. Bd3 dxc4 6. Bxc4 O-O 7. Nf3 b6 8. O-O
Bb7 9. Re1 Ne4 10. Nd2 Nxc3 11. bxc3 Nd7 12. Bb2 Nf6 13. e4 Qc8 14. Rc1 Ba6 15.
Qe2 Bxc4 16. Nxc4 Rd8 17. Ne5 Bd6 18. Nc6 Rd7 19. e5 Qb7 20. Qf3 Nd5 21. c4 Qxc6
22. cxd5 Qxd5 23. Qxd5 exd5 24. exd6 cxd6 25. Rc6 Rdd8 26. Ba3 Rac8 27. Rec1 Ra8
28. Rxd6 Rdc8 29. Rxd5 a5 30. g3 Re8 31. Kf1 Re6 32. Rb5 Rae8 33. Rcb1 Rb8 34.
Bc5 Rbe8 35. Bxb6 a4 36. Bc5 h6 37. Rb8 Rxb8 38. Rxb8+ Kh7 39. Ra8 Kg6 40. Rxa4
f5 41. d5 Re8 42. Rd4 Kf6 43. d6 Rd8 44. d7 Ra8 45. d8=Q+ Rxd8 46. Rxd8 1-0

[Event "Druzynowe Mistrzostw Polski Juniorow - II Liga"]
[Site "Wroclaw"]
[Date "1899-12-30"]
[Round "7.79"]
[White "Piechota, Kamil"]
[Black "Bauer, Marika"]
[Result "1-0"]
[WhiteTitle "I"]
[BlackTitle "II"]
[WhiteElo "1728"]
[BlackElo "1142"]

1. e4 e5 2. Nf3 Nc6 3. Bc4 Bc5 4. O-O Nf6 5. d3 h6 6. c3 d6 7. Be3 Bb6 8. b4 O-O
9. a4 Bxe3 10. fxe3 Be6 11. Ba2 Bxa2 12. Rxa2 a5 13. b5 Ne7 14. Nbd2 c6 15. bxc6
bxc6 16. Nh4 Ng6 17. Nf5 Nh7 18. Qg4 Qg5 19. Qxg5 Nxg5 20. Nxd6 f6 21. Rb2 Rfb8
22. Rfb1 Rxb2 23. Rxb2 Ra6 24. Rb8+ Nf8 25. N2c4 Nge6 26. d4 Ra7 27. dxe5 fxe5
28. Nxe5 Nc5 29. Ng6 Ncd7 30. Rc8 c5 31. e5 1-0

[Event "Druzynowe Mistrzostw Polski Juniorow - II Liga"]
[Site "Wroclaw"]
[Date "1899-12-30"]
[Round "7.80"]
[White "Kraczek, Cezary"]
[Black "Zimny, Karol"]
[Result "1-0"]
[WhiteTitle "I"]
[BlackTitle "II"]
[WhiteElo "1657"]
[BlackElo "1224"]

1. e4 c5 2. Nf3 d6 3. d4 cxd4 4. Nxd4 Nf6 5. Nc3 g6 6. f3 Bg7 7. Be3 O-O 8. Qd2
Nc6 9. g4 Be6 10. O-O-O Nxd4 11. Bxd4 Qa5 12. Kb1 Rfc8 13. a3 Rab8 14. Nd5 Qxd2
15. Nxf6+ Bxf6 16. Rxd2 Bxd4 17. Rxd4 b5 18. Be2 a5 19. c3 b4 20. cxb4 axb4 21.
Rxb4 Rxb4 22. axb4 Rb8 23. b5 Bd7 24. Rc1 Bxb5 25. Bxb5 Rxb5 26. Ka2 f5 27. gxf5
gxf5 28. Ka3 fxe4 29. fxe4 Re5 30. Rc4 d5 31. exd5 Rxd5 32. b4 Kf7 33. Ka4 e5
34. b5 Ke6 35. b6 Rd8 36. Kb5 Ra8 37. b7 Rb8 38. Kb6 Kd7 39. Ka7 1-0

[Event "Druzynowe Mistrzostw Polski Juniorow - II Liga"]
[Site "Wroclaw"]
[Date "1899-12-30"]
[Round "7.81"]
[White "Kordowski, Lukasz"]
[Black "Rosc, Ignacy"]
[Result "0-1"]
[WhiteTitle "III"]
[BlackTitle "II+"]
[WhiteElo "1102"]
[BlackElo "1527"]

1. d4 c6 2. c4 d5 3. Nc3 Nf6 4. Nf3 dxc4 5. e4 b5 6. a4 b4 7. Na2 Nxe4 8. Bxc4
e6 9. O-O Be7 10. Bf4 a5 11. Bd3 Nf6 12. Qc2 Bb7 13. Rad1 Nd5 14. Bg3 Nd7 15.
Nc1 h6 16. Nb3 O-O 17. Ne5 Nxe5 18. dxe5 Qb6 19. Nd4 c5 20. Nb5 Rfc8 21. Nd6 Bxd6
22. exd6 Rd8 23. Bc4 Nf6 24. Qb3 Bd5 25. Rxd5 exd5 26. Bxd5 Ra7 27. Rd1 Ne8 28.
Qe3 Nxd6 29. Qd2 Re7 30. Qc2 Ne8 31. Bf3 Rxd1+ 32. Bxd1 0-1

[Event "Druzynowe Mistrzostw Polski Juniorow - II Liga"]
[Site "Wroclaw"]
[Date "1899-12-30"]
[Round "7.82"]
[White "Bauer, Maja"]
[Black "Furas, Pawel"]
[Result "1-0"]
[WhiteTitle "I"]
[BlackTitle "III"]
[WhiteElo "1372"]
[BlackElo "1052"]

1. e4 c5 2. Nf3 d6 3. d4 cxd4 4. Nxd4 Nf6 5. Nc3 g6 6. f3 Bg7 7. Be3 O-O 8. Qd2
Nc6 9. g4 e5 10. Ndb5 Ne8 11. O-O-O Be6 12. Nxd6 Nxd6 13. Qxd6 Qa5 14. Qc5 Qc7
15. Nd5 Qd8 16. g5 Rc8 17. Nf6+ Bxf6 18. Rxd8 Bxd8 19. Qb5 Nd4 20. Bxd4 exd4 21.
h4 Rc7 22. Kb1 a6 23. Qb6 Bd7 24. f4 1-0

[Event "Druzynowe Mistrzostw Polski Juniorow - II Liga"]
[Site "Wroclaw"]
[Date "1899-12-30"]
[Round "7.83"]
[White "Czerwinska, Oliwia"]
[Black "Fic, Joanna"]
[Result "1-0"]
[WhiteTitle "I"]
[BlackTitle "II+"]
[WhiteElo "1435"]
[BlackElo "1057"]

1. e4 c5 2. Nf3 a6 3. c3 Nf6 4. e5 Nd5 5. d4 cxd4 6. cxd4 d6 7. Bc4 Nb6 8. Bxf7+
Kxf7 9. Ng5+ Ke8 10. e6 Bxe6 11. Nxe6 Qc8 12. Ng5 h6 13. Qh5+ Kd7 14. O-O g6 15.
Qg4+ Kc7 16. Ne6+ Kc6 17. Be3 Qd7 18. Rc1+ Kb5 19. Qe2+ Ka4 20. b3+ Ka5 21. Bd2#
1-0

[Event "Druzynowe Mistrzostw Polski Juniorow - II Liga"]
[Site "Wroclaw"]
[Date "1899-12-30"]
[Round "7.84"]
[White "Kucia, Kinga"]
[Black "Figa, Karolina"]
[Result "1/2-1/2"]
[WhiteTitle "I"]
[BlackTitle "I+"]
[WhiteElo "1208"]
[BlackElo "1352"]

1. d4 d5 2. c4 e6 3. Nc3 Nf6 4. cxd5 exd5 5. Bg5 c6 6. Qc2 h6 7. Bh4 Be7 8. Nf3
O-O 9. e3 Re8 10. Bd3 Ne4 11. Bxe7 Qxe7 12. h3 Bf5 13. O-O Nd7 14. Rab1 a5 15.
a3 Qd6 16. b4 b5 17. Nd2 Nxd2 18. Qxd2 Bxd3 19. Qxd3 Nb6 20. Rfe1 Nc4 21. Ne2
axb4 22. axb4 Ra3 23. Nc3 g6 24. g4 Qf6 25. Kg2 Kh8 26. Qc2 Rg8 27. Ra1 Rxa1 28.
Rxa1 h5 29. Qe2 Qe7 30. Rb1 f5 31. Qd1 Qe6 32. Qe2 Rg7 33. Qd1 Qf6 34. Qe2 Qg5
35. Rh1 Re7 36. h4 Qxg4+ 37. Qxg4 fxg4 38. Ra1 Kg7 39. Ne2 Nd6 40. Nf4 Kf7 1/2-1/2

[Event "Druzynowe Mistrzostw Polski Juniorow - II Liga"]
[Site "Wroclaw"]
[Date "1899-12-30"]
[Round "7.85"]
[White "Makhynia, Kostiantyn"]
[Black "Kubica, Dominik"]
[Result "0-1"]
[WhiteTitle "II"]
[BlackTitle "I"]
[WhiteElo "1717"]
[BlackElo "1595"]

1. d4 d5 2. c4 e6 3. Nf3 Nf6 4. g3 Be7 5. Bg2 O-O 6. O-O dxc4 7. Nc3 Bd7 8. Ne5
Bc6 9. Nxc6 Nxc6 10. e3 Na5 11. Qa4 c5 12. dxc5 Bxc5 13. Rd1 Qb6 14. Bd2 Nc6 15.
Qxc4 Be7 16. Na4 Qc7 17. Bxc6 bxc6 18. Bc3 Rfd8 19. Bd4 Nd5 20. Rac1 Rac8 21.
Nc5 h6 22. Qe2 Bf6 23. Bxf6 Nxf6 24. Rxd8+ Rxd8 25. Qc2 Rc8 26. a3 Nd7 27. Ne4
a5 28. Rd1 c5 29. Nd6 Rb8 30. a4 Rb4 31. Nb5 Qb7 32. f3 f6 33. e4 Ne5 34. Rd8+
Kh7 35. Kg2 Nc4 36. Qd3 Rxb2+ 37. Kh3 Ne5 38. Qc3 Rb4 39. f4 Nc4 40. Qd3 Qf7 0-1

[Event "Druzynowe Mistrzostw Polski Juniorow - II Liga"]
[Site "Wroclaw"]
[Date "1899-12-30"]
[Round "7.86"]
[White "Sputowski, Jakub"]
[Black "Gajec, Roza"]
[Result "1-0"]
[WhiteTitle "I"]
[BlackTitle "I"]
[WhiteElo "1677"]
[BlackElo "1268"]

1. e4 c5 2. Nf3 e6 3. d4 cxd4 4. Nxd4 Nc6 5. Nc3 a6 6. g3 Nf6 7. Bg2 Be7 8. O-O
O-O 9. Re1 Qc7 10. Nxc6 dxc6 11. e5 Nd5 12. Qg4 Rd8 13. Bh6 Bf8 14. Bg5 Be7 15.
Bxe7 Nxe7 16. Re4 Bd7 17. Qh5 Ng6 18. h4 c5 19. Rae1 Bc6 20. R4e3 Bxg2 21. Kxg2
Qb6 22. Ne4 h6 23. f4 Qxb2 24. Nd6 Qxc2+ 25. R1e2 Qa4 26. Nxf7 Qc6+ 27. Kf2 Kxf7
28. f5 exf5 29. e6+ Kg8 30. e7 Nxe7 31. Rxe7 Qf6 32. R2e6 Qd4+ 33. Kg2 Qd2+ 34.
Kh3 Rf8 35. Rxg7+ Kxg7 36. Qg6+ Kh8 37. Re7 Rf7 38. Rxf7 Rg8 39. Qh7# 1-0

[Event "Druzynowe Mistrzostw Polski Juniorow - II Liga"]
[Site "Wroclaw"]
[Date "1899-12-30"]
[Round "7.87"]
[White "Rzasa, Mateusz"]
[Black "Dylong, Antoni"]
[Result "0-1"]
[WhiteTitle "II"]
[BlackTitle "I"]
[WhiteElo "1034"]
[BlackElo "1576"]

1. c4 c5 2. Nc3 Nc6 3. g3 g6 4. Bg2 Bg7 5. d3 e5 6. Nf3 Nge7 7. Be3 d6 8. Qd2 Nf5
9. O-O O-O 10. Nd5 Rb8 11. Rab1 Be6 12. Ng5 Nxe3 13. Qxe3 Bxd5 14. Bxd5 Nb4 15.
a3 Nxd5 16. cxd5 Qd7 17. Nf3 f5 18. b4 b6 19. Ng5 Bh6 20. f4 Bxg5 21. fxg5 Rbc8
22. Rfc1 Qf7 23. Qf3 Qe7 24. Qe3 f4 25. gxf4 Rxf4 26. Qg3 Rcf8 27. Rf1 Qf7 28.
Rxf4 exf4 29. Qf3 Qf5 30. h4 Qe5 31. bxc5 dxc5 32. Qe4 Qxe4 33. dxe4 Re8 34. d6
Rxe4 35. Rd1 Re8 36. Kf2 Kf7 37. d7 Rd8 38. Kf3 Ke6 39. Kxf4 Rxd7 40. Rxd7 Kxd7
41. Ke5 c4 42. Kd4 b5 0-1

[Event "Druzynowe Mistrzostw Polski Juniorow - II Liga"]
[Site "Wroclaw"]
[Date "1899-12-30"]
[Round "7.89"]
[White "Pietrzak, Emilia"]
[Black "Kulpa, Karolina"]
[Result "1/2-1/2"]
[WhiteTitle "I+"]
[BlackTitle "I"]
[WhiteElo "1374"]
[BlackElo "1461"]

1. d4 Nf6 2. c4 g6 3. Nf3 Bg7 4. g3 O-O 5. Bg2 d6 6. O-O Nc6 7. Nc3 e5 8. d5 Ne7
9. c5 Ne8 10. cxd6 Nxd6 11. Ng5 h6 12. Nge4 Nxe4 13. Bxe4 f5 14. Bg2 a6 15. e4
f4 16. g4 g5 17. f3 Ng6 18. Rf2 Nh4 19. Bf1 h5 20. h3 hxg4 21. hxg4 Qf6 22. b3
Qh6 23. Qc2 Bf6 24. Qe2 Kg7 25. Rh2 Rh8 26. Bh3 Bd7 27. Ba3 Bb5 28. Nxb5 axb5
29. Bb4 Ra6 30. Rc1 Bd8 31. Bc3 Qb6+ 32. Kh1 Bf6 33. Bb4 Rha8 34. Rc2 Kf7 35.
a3 Be7 36. Bc3 Bd6 37. Bb2 Kf6 38. b4 Ke7 1/2-1/2

[Event "Druzynowe Mistrzostw Polski Juniorow - II Liga"]
[Site "Wroclaw"]
[Date "1899-12-30"]
[Round "7.90"]
[White "Cichon, Julia"]
[Black "Opalka, Marta"]
[Result "0-1"]
[WhiteTitle "II+"]
[BlackTitle "I"]
[WhiteElo "1054"]
[BlackElo "1249"]

1. e4 c6 2. d4 d5 3. exd5 cxd5 4. Bd3 Nc6 5. c3 Nf6 6. Nf3 Bg4 7. Nbd2 e6 8. O-O
Bd6 9. h3 Bh5 10. Re1 O-O 11. Nf1 Qc7 12. Bg5 Nd7 13. Bc2 h6 14. Bh4 Na5 15. Bg3
Nc4 16. Bxd6 Qxd6 17. Rb1 b5 18. Ng3 Bg6 19. Bxg6 fxg6 20. Qd3 g5 21. b3 Na3 22.
Rbc1 Rac8 23. Ne5 Nxe5 24. Rxe5 b4 25. Nh5 Rxc3 26. Rxc3 bxc3 27. Qxc3 Qd7 28.
Qe3 Qf7 29. Ng3 Nc2 30. Qd2 Qg6 31. Re2 Rc8 32. Nf1 Qf6 33. Re5 Rc6 34. g3 Qf3
35. Ne3 Nxe3 36. Qxe3 Qd1+ 37. Qe1 Rc1 38. Qxd1 Rxd1+ 39. Kg2 Kf7 40. Re2 Rxd4
41. Rc2 Kf6 42. Rc7 Rb4 43. Kf3 a5 44. Rc5 a4 45. bxa4 Rxa4 46. Rc2 Ra3+ 47. Ke2
d4 48. Rd2 e5 49. Rb2 Kf5 50. Rd2 Ke4 51. Rb2 d3+ 52. Kd2 Kf3 53. Kd1 e4 54. Ke1
e3 55. fxe3 Kxe3 56. Rd2 Rc3 57. Rd1 Rc2 58. a3 d2+ 59. Kf1 Rc1 0-1

[Event "Druzynowe Mistrzostw Polski Juniorow - II Liga"]
[Site "Wroclaw"]
[Date "1899-12-30"]
[Round "7.91"]
[White "Doroba, Ludwik"]
[Black "Wesolek, Krzysztof"]
[Result "0-1"]
[WhiteTitle "II"]
[BlackTitle "I"]
[WhiteElo "1421"]
[BlackElo "1747"]

1. d4 d5 2. Bf4 c5 3. e3 cxd4 4. exd4 Nc6 5. c3 Nf6 6. Bd3 Bg4 7. Qb3 Qd7 8. h3
Bh5 9. Nd2 Bg6 10. Bxg6 hxg6 11. Ngf3 e6 12. Ne5 Nxe5 13. dxe5 Ng8 14. Be3 Ne7
15. Bc5 Nc6 16. Bxf8 Kxf8 17. f4 Rc8 18. Nf3 Qe7 19. Rc1 a6 20. O-O Qc5+ 21. Kh2
Na5 22. Qb4 Qxb4 23. cxb4 Nc4 24. Kg1 Ke7 25. b3 Ne3 26. Rfe1 Nc2 27. Re2 Nxb4
28. Rxc8 Rxc8 29. Nd4 Kd7 30. g4 Rc3 31. a3 Nc6 32. Rc2 Rd3 33. Nxc6 bxc6 0-1

[Event "Druzynowe Mistrzostw Polski Juniorow - II Liga"]
[Site "Wroclaw"]
[Date "1899-12-30"]
[Round "7.92"]
[White "Ostojski, Dawid"]
[Black "Rumniak, Aleksy"]
[Result "1-0"]
[WhiteTitle "II"]
[BlackTitle "II"]
[WhiteElo "1337"]
[BlackElo "1291"]

1. e4 c5 2. Nc3 Nc6 3. f4 g6 4. Nf3 Bg7 5. Bb5 a6 6. Bxc6 bxc6 7. O-O d5 8. e5
Bg4 9. d3 e6 10. b3 Nh6 11. Na4 c4 12. dxc4 O-O 13. cxd5 cxd5 14. Ba3 Re8 15.
h3 Bxf3 16. Qxf3 Nf5 17. Rac1 Bf8 18. Bxf8 Rxf8 19. Rfd1 Qe7 20. c4 Qa7+ 21. Qf2
dxc4 22. Qxa7 Rxa7 23. bxc4 Rc8 24. c5 Rc6 25. Rb1 Rac7 26. Rb6 Kf8 27. g4 Ne7
28. Rd8+ Kg7 29. Rd6 Rxb6 30. cxb6 Rb7 31. Nc5 Rb8 32. b7 Nd5 33. Rd7 Nb6 34.
Nxe6+ Kg8 35. Rd8+ Rxd8 36. Nxd8 Nd7 37. Nc6 1-0

[Event "Druzynowe Mistrzostw Polski Juniorow - II Liga"]
[Site "Wroclaw"]
[Date "1899-12-30"]
[Round "7.96"]
[White "Podoba, Hanna"]
[Black "Piotrowska, Weronika"]
[Result "1-0"]
[WhiteTitle "I"]
[BlackTitle "II"]
[WhiteElo "1101"]
[BlackElo "1140"]

1. d4 d5 2. c4 Nf6 3. Nc3 e6 4. Bg5 Be7 5. Nf3 Nbd7 6. Qc2 c6 7. e3 Nf8 8. Bd3
Ng6 9. Rc1 O-O 10. a3 Bd7 11. h3 a5 12. Ne5 Bd6 1-0

[Event "Druzynowe Mistrzostw Polski Juniorow - II Liga"]
[Site "Wroclaw"]
[Date "1899-12-30"]
[Round "7.97"]
[White "Smuda, Tomasz"]
[Black "Goral, Bartosz"]
[Result "1-0"]
[WhiteTitle "I"]
[BlackTitle "III"]
[WhiteElo "1515"]
[BlackElo "1065"]

1. e4 e5 2. Nf3 Nc6 3. Bc4 Bc5 4. c3 Nf6 5. d4 exd4 6. cxd4 Bb4+ 7. Nbd2 Nxe4 8.
d5 Bxd2+ 9. Bxd2 Nxd2 10. Qxd2 Ne7 11. d6 cxd6 12. O-O O-O 13. Ng5 d5 14. Qd3
Ng6 15. Qxd5 Qf6 16. Rfe1 d6 17. Nxf7 Rxf7 18. Re8+ Nf8 19. Rae1 b5 20. Qxf7+
Qxf7 21. Bxf7+ Kxf7 22. R8e7+ Kg8 23. Rc7 1-0

[Event "Druzynowe Mistrzostw Polski Juniorow - II Liga"]
[Site "Wroclaw"]
[Date "1899-12-30"]
[Round "7.98"]
[White "Nowak, Feliks"]
[Black "Rzepka, Marcin"]
[Result "1/2-1/2"]
[WhiteTitle "II"]
[BlackTitle "II"]
[WhiteElo "1412"]
[BlackElo "1314"]

1. d4 d5 2. c4 e6 3. Nc3 a6 4. Nf3 dxc4 5. a4 Nc6 6. e4 Na5 7. Ne5 Nb3 8. Rb1 Qxd4
9. Qxd4 Nxd4 10. Bxc4 f6 11. Nf3 Nxf3+ 12. gxf3 Bd7 13. Be3 c5 14. f4 Nh6 15.
f3 Nf7 16. b3 Nd8 17. Ke2 Nc6 18. Rhd1 h6 19. Rb2 Be7 20. Rbd2 O-O-O 21. h4 g5
22. h5 Na5 23. Rxd7 Rxd7 24. Bxe6 Rhd8 25. Rxd7 Rxd7 26. Nd5 Kd8 27. Bxd7 Kxd7
28. Nxe7 Kxe7 29. Bxc5+ Kf7 30. b4 Nc6 31. Ke3 Nd8 1/2-1/2